MARC

LEADER 00000nam0a2200000 4500
001 218638
005 20231101230217.0
010 |a 5274000428 
020 |a RU  |b 89-75481 
035 |a (RuTPU)RU\TPU\book\238668 
090 |a 218638 
100 |a 20120623d1989 km y0rusy5003 ca 
101 0 |a rus 
102 |a RU 
105 |a a g 001zy 
200 1 |a Строительные материалы  |e справочник  |f [Болдырев А. С. и др.]  |g под ред. А. С. Болдырева, П. П. Золотова 
210 |a Москва  |c Стройиздат  |d 1989 
215 |a 567,[1] с.  |c ил.  |d 24 см 
320 |a Библиогр. в конце глав 
320 |a Предм. указ.: с. 561-564 
606 1 |a Строительные материалы  |2 stltpush  |3 (RuTPU)RU\TPU\subj\57441  |9 75303 
610 1 |a справочники 
610 1 |a состав 
610 1 |a свойства 
610 1 |a классификация 
675 |a 691(035.5)  |z rus  |v 3 
702 1 |a Золотов  |b П. П.  |4 340 
702 1 |a Болдырев  |b А. С.  |g Анатолий Сергеевич  |4 340 
801 0 |a RU  |b RuMRKP  |c 19950417  |g psbo 
801 1 |a RU  |b 63413507  |c 20120623 
801 2 |a RU  |b 63413507  |c 20121129  |g RCR 
942 |c BK